Abc of child care (Record no. 32151)

MARC details
000 -LEADER
fixed length control field 00285nam a2200121Ia 4500
082 ## - DEWEY DECIMAL CLASSIFICATION NUMBER
Classification number 613.954
Item number FRO
100 ## - MAIN ENTRY--AUTHOR NAME
Personal name Fromme, Allan
245 #0 - TITLE STATEMENT
Title Abc of child care
260 ## - PUBLICATION, DISTRIBUTION, ETC. (IMPRINT)
Place of publication New York
Name of publisher Pocket
Year of publication 1969
650 ## - SUBJECT ADDED ENTRY--TOPICAL TERM
Topical Term Childcare
942 ## - ADDED ENTRY ELEMENTS (KOHA)
Koha item type Books
Holdings
Withdrawn status Lost status Damaged status Not for loan Home library Current library Date acquired Source of acquisition Cost, normal purchase price Full call number Accession Number Koha item type
        RRII Library RRII Library 16/12/2021 Cost Recovered 1.95 613.954 FRO 12673 Books